000 00568nam a2200205 a 4500
001 AC-000000130
005 20210223124913.0
008 030410s1996 mx r 000 0 spa d
020 _a950802044X
035 _aUPN01000123726
049 _aCG
050 4 _aHM131
_bB3.4
100 1 _aBalestena, Eduardo
245 1 0 _aLo institucional :
_bparadigma y transgresión /
_cEduardo Balestena.
260 _aBuenos Aires :
_bEspacio,
_c1996.
300 _a95 p.
440 0 _aCiencias sociales
650 4 _aASOCIACIONES, INSTITUCIONES, ETC.
_98458
905 _aLibro
999 _c95905
_d95905